Environmentálny aspekt dane z motorových vozidiel a vybraných spotrebných daní v podmienkach Slovenskej republiky

Environmentálne dane v ekonomických teóriách. Environmentálny aspekt daní vo vybraných krajinách Európskej únie. Environmentálny aspekt dane z motorových vozidiel v daňovej sústave v Slovenskej republike. Environmentálny aspekt spotrebných daní v daňovej sústave Slovenskej republiky so zameraním na...

Full description

Saved in:
Bibliographic Details
Main Author: Válek, Juraj, 1981-
Other Authors: Kušnírová, Jana, 1977-
Format: Book Chapter
Language:Slovak
Subjects:
Tags: Add Tag
No Tags, Be the first to tag this record!

MARC

LEADER 00000naa a2200000 4500
001 0193752
005 20240502073237.7
041 0 |a slo 
044 |a SK 
245 1 0 |a Environmentálny aspekt dane z motorových vozidiel a vybraných spotrebných daní v podmienkach Slovenskej republiky  |c Juraj Válek, Jana Kušnírová 
520 |a Environmentálne dane v ekonomických teóriách. Environmentálny aspekt daní vo vybraných krajinách Európskej únie. Environmentálny aspekt dane z motorových vozidiel v daňovej sústave v Slovenskej republike. Environmentálny aspekt spotrebných daní v daňovej sústave Slovenskej republiky so zameraním na daň z minerálneho oleja. 
610 2 0 |a dane ekologické 
610 2 0 |a oleje minerálne 
610 2 0 |a automobily 
610 2 0 |a Slovensko 
610 2 0 |a teórie ekonomické 
610 2 0 |a dane spotrebné 
610 2 0 |a Európska únia 
100 1 |a Válek, Juraj, 1981- 
700 1 |a Kušnírová, Jana, 1977-